| 000 | 00610nam a22002537a 4500 | ||
|---|---|---|---|
| 003 | BR-BrBNA | ||
| 005 | 20240112142654.0 | ||
| 008 | 240112b bl.||||| |||| 00| 0 por d | ||
| 020 | _a8508015275 | ||
| 040 |
_aBR-BrBNA _bpor |
||
| 041 | _apor | ||
| 072 | _aS86 | ||
| 100 | _aFerrara, Lucrécia D'Aléssio. | ||
| 245 | _aLeitura sem palavras / | ||
| 250 | _a4. ed. | ||
| 260 |
_aSão Paulo - SP: _bEditora Ática, _c2004. |
||
| 300 | _a72 p. | ||
| 650 | _aARQUITETURA | ||
| 650 | _aESTÉTICA | ||
| 650 | _aURBANISMO | ||
| 909 |
_a01/2024 _bSarah |
||
| 942 | _cBK | ||
| 999 |
_c298318 _d298318 |
||